[Event "II Open Amatori"]
[Site "Arvier ITA"]
[Date "2012.01.02"]
[Round "1"]
[White "Belabbas, Abdellah"]
[Black "Ricci, Piero"]
[Result "1-0"]
[WhiteElo "1881"]
[BlackElo "1440"]
[PlyCount "103"]
[EventDate "2012.01.02"]

1. d4 Nf6 2. Nc3 e6 3. e4 Bb4 4. f3 d5 5. a3 Bxc3+ 6. bxc3 dxe4 7. Bc4 exf3 8.
Qxf3 c6 9. Ne2 O-O 10. O-O Nbd7 11. Bg5 Nb6 12. Bd3 Qd5 13. Bxf6 Qxf3 14. Rxf3
gxf6 15. Rxf6 Nd5 16. Rh6 f5 17. c4 Rf6 18. Rh3 Ne7 19. Nf4 Ng6 20. Nh5 Rf7 21.
Re1 Bd7 22. c5 b6 23. Rg3 Re8 24. Bc4 b5 25. Bb3 f4 26. Rf3 Rf5 27. g4 Rff8 28.
g5 Re7 29. Nf6+ Kg7 30. Rh3 Rxf6 31. gxf6+ Kxf6 32. c3 e5 33. dxe5+ Nxe5 34.
Rh6+ Kg5 35. Rxe5+ Rxe5 36. Rxh7 Be6 37. Re7 Kf6 38. Rxe6+ Rxe6 39. Bxe6 Kxe6
40. Kf2 Kf5 41. Kf3 a5 42. h4 a4 43. h5 Kg5 44. h6 Kxh6 45. Kxf4 Kg6 46. Ke5
Kg5 47. Kd6 Kf5 48. Kxc6 b4 49. cxb4 Ke5 50. Kb5 Kd5 51. Kxa4 Kc4 52. c6 1-0

[Event "II Open Amatori"]
[Site "Arvier ITA"]
[Date "2012.01.02"]
[Round "1"]
[White "Bogatto, Mario"]
[Black "Serrajotto, Marino"]
[Result "0-1"]
[WhiteElo "1423"]
[BlackElo "1854"]
[PlyCount "118"]
[EventDate "2012.01.02"]

1. e4 c5 2. Nf3 Nc6 3. c3 g6 4. d4 cxd4 5. cxd4 Bg7 6. Nc3 d6 7. d5 Ne5 8. Nxe5
Bxe5 9. Be2 Bd7 10. O-O Rc8 11. Bd2 a6 12. Bg4 Nf6 13. Bxd7+ Qxd7 14. f3 O-O
15. Kh1 Rc4 16. Qe1 Rfc8 17. f4 Bxc3 18. Bxc3 Rxe4 19. Qb1 Rec4 20. Bxf6 exf6
21. f5 gxf5 22. Qd1 f4 23. Qd2 Qf5 24. b3 Rc2 25. Qxf4 Qxf4 26. Rxf4 Rxa2 27.
Rg4+ Kf8 28. Rf1 Rd2 29. Rgf4 Rxd5 30. Rxf6 Rc7 31. h3 Rd3 32. Rb1 Rd7 33. Rf4
Re7 34. b4 Rde3 35. Rb2 R3e4 36. Rff2 R7e5 37. Rfd2 Ke7 38. Rdc2 Kd7 39. b5
Rxb5 40. Ra2 Rc5 41. Rf2 f5 42. g3 Kc6 43. Kg2 Re3 44. Rf3 Rxf3 45. Kxf3 Rc4
46. Ra5 Rc5 47. Ra4 Kd5 48. Ra1 Ke6 49. Re1+ Kf6 50. Rd1 Rc6 51. Rd3 b5 52. Rb3
Rb6 53. Ke3 a5 54. Kd4 b4 55. Kd5 a4 56. Rb1 b3 57. Kc4 b2 58. Kc3 a3 59. Kc2
a2 0-1

[Event "II Open Amatori"]
[Site "Arvier ITA"]
[Date "2012.01.02"]
[Round "1"]
[White "Bonino, Silvano"]
[Black "Neubauer, Kai"]
[Result "0-1"]
[WhiteElo "1492"]
[BlackElo "2039"]
[PlyCount "82"]
[EventDate "2012.01.02"]

1. d4 Nf6 2. Bf4 d5 3. e3 c5 4. c3 Nc6 5. Nd2 Qb6 6. Qb3 c4 7. Qxb6 axb6 8. a3
Bf5 9. Be2 e6 10. h3 b5 11. Rc1 h6 12. Ngf3 Be7 13. O-O O-O 14. Bd1 Nd7 15. Bc2
Bxc2 16. Rxc2 f5 17. Ne5 Ncxe5 18. dxe5 g5 19. Bh2 g4 20. hxg4 fxg4 21. f4 Bc5
22. Re1 h5 23. g3 Kg7 24. Kg2 Rad8 25. Bg1 Kg6 26. Bf2 Be7 27. Rh1 Nc5 28. Nf1
Rh8 29. Nh2 Kf5 30. Nf1 Ke4 31. Nd2+ Kd3 32. Rhc1 Nb3 33. Nxb3 cxb3 34. Re2
Kxe2 35. Re1+ Kd2 36. Kf1 h4 37. Re2+ Kd3 38. Ke1 hxg3 39. Rd2+ Ke4 40. Bxg3
Kf3 41. Bf2 Rh1+ 0-1

[Event "II Open Amatori"]
[Site "Arvier ITA"]
[Date "2012.01.02"]
[Round "1"]
[White "Bossi, Alessandro"]
[Black "Lyabel, Giacomo"]
[Result "1-0"]
[WhiteElo "2004"]
[BlackElo "1440"]
[PlyCount "61"]
[EventDate "2012.01.02"]

1. f4 d5 2. Nf3 Nc6 3. e3 Bf5 4. Bb5 a6 5. Bxc6+ bxc6 6. b3 Nf6 7. Bb2 e6 8. d3
Bd6 9. Nbd2 O-O 10. Qe2 Re8 11. O-O-O Bg4 12. h3 Bxf3 13. Nxf3 Qe7 14. Ne5 Ba3
15. Nxc6 Bxb2+ 16. Kxb2 Qd6 17. Ne5 Nd7 18. Nxd7 Qxd7 19. d4 f6 20. Rhe1 e5 21.
dxe5 fxe5 22. Qd3 c6 23. c4 exf4 24. exf4 Rxe1 25. Rxe1 Rd8 26. cxd5 Qxd5 27.
Qxd5+ Rxd5 28. Kc2 Ra5 29. a4 Rf5 30. Re4 Rg5 31. fxg5 1-0

[Event "II Open Amatori"]
[Site "Arvier ITA"]
[Date "2012.01.02"]
[Round "1"]
[White "Cattaneo, Roger"]
[Black "Ranieri, Fabrizio"]
[Result "0-1"]
[WhiteElo "1811"]
[BlackElo "2276"]
[PlyCount "102"]
[EventDate "2012.01.02"]

1. e4 e6 2. d4 d5 3. exd5 exd5 4. Bf4 Nf6 5. Bd3 Bd6 6. Ne2 O-O 7. O-O Re8 8.
Bxd6 Qxd6 9. Ng3 Nc6 10. c3 Ne7 11. Nd2 Ng6 12. Nf3 Bg4 13. Bxg6 hxg6 14. h3
Bxf3 15. Qxf3 Qb6 16. b3 Qa5 17. a4 Qb6 18. b4 a5 19. b5 Qd6 20. Qd3 Re7 21. c4
dxc4 22. Qxc4 Rd8 23. Rfd1 Nd5 24. Re1 Rxe1+ 25. Rxe1 Qb4 26. Rc1 Qxc4 27. Rxc4
f5 28. Ne2 Rd7 29. Nc1 Nb6 30. Rc2 Nxa4 31. Nb3 b6 32. Kf1 Re7 33. Nd2 Kh7 34.
Nf3 Kh6 35. Ne5 g5 36. g3 g6 37. f4 Rg7 38. Ke2 gxf4 39. gxf4 g5 40. Rc4 Nb2
41. Rc2 gxf4 42. Ke1 f3 43. Nxf3 Nd3+ 44. Kd2 Nb4 45. Rc1 Rg2+ 46. Ke3 Nd5+ 47.
Kd3 Rg3 48. Ke2 f4 49. Kf2 Rg7 50. Nh4 Kh5 51. Nf5 Rf7 0-1

[Event "II Open Amatori"]
[Site "Arvier ITA"]
[Date "2012.01.02"]
[Round "1"]
[White "Doromeychuk, Anton"]
[Black "Yeuillaz, Corrado"]
[Result "0-1"]
[WhiteElo "1708"]
[BlackElo "2221"]
[PlyCount "68"]
[EventDate "2012.01.02"]

1. c4 e5 2. g3 g6 3. Bg2 Bg7 4. e3 Nf6 5. Nc3 O-O 6. Nge2 d6 7. O-O c6 8. d4
Re8 9. b3 e4 10. f3 exf3 11. Bxf3 Bh3 12. Re1 Bg4 13. Nf4 Bxf3 14. Qxf3 Nbd7
15. Bb2 h5 16. e4 Nh7 17. Rad1 a6 18. h4 b5 19. Ba3 Qb8 20. Nce2 Nhf6 21. e5
dxe5 22. Nh3 bxc4 23. bxc4 e4 24. Qf4 Qxf4 25. Nhxf4 Ng4 26. Nc3 c5 27. Nxe4
Bxd4+ 28. Kf1 Ne3+ 29. Rxe3 Bxe3 30. Rxd7 Rxe4 31. Nd5 Bd4 32. Bxc5 Ba1 33.
Ne7+ Kg7 34. Nf5+ gxf5 0-1

[Event "II Open Amatori"]
[Site "Arvier ITA"]
[Date "2012.01.02"]
[Round "1"]
[White "Lacrosse, Marc"]
[Black "Bruno, Elio"]
[Result "1-0"]
[WhiteElo "2185"]
[BlackElo "1627"]
[PlyCount "69"]
[EventDate "2012.01.02"]

1. d4 Nf6 2. c4 g6 3. Nc3 Bg7 4. e4 d6 5. Be2 O-O 6. Be3 e5 7. Nf3 Nbd7 8. O-O
h6 9. h3 b6 10. Qc2 Bb7 11. d5 Nh5 12. Ne1 Nf4 13. Nd3 Nxd3 14. Bxd3 a6 15. b4
Nf6 16. c5 Nh5 17. cxb6 cxb6 18. Na4 b5 19. Nb6 Rb8 20. a4 Bc8 21. Nxc8 Rxc8
22. Qd2 Nf4 23. axb5 axb5 24. Bxb5 Kh7 25. Bd3 Ra8 26. b5 Nxd3 27. Qxd3 f5 28.
f3 Rxa1 29. Rxa1 fxe4 30. fxe4 Rf7 31. b6 Rb7 32. Qa6 Qd7 33. Qc4 Qe7 34. Qc6
Bf8 35. Qxb7 1-0

[Event "II Open Amatori"]
[Site "Arvier ITA"]
[Date "2012.01.02"]
[Round "1"]
[White "Ljubisavljevic, Zivojin Z."]
[Black "Piazza, Giacomo"]
[Result "1-0"]
[WhiteElo "2214"]
[BlackElo "1638"]
[PlyCount "127"]
[EventDate "2012.01.02"]

1. d4 Nf6 2. c4 e6 3. Nf3 Be7 4. Nc3 O-O 5. e4 d6 6. h3 a6 7. Be3 Nbd7 8. e5
dxe5 9. dxe5 Ne8 10. Qc2 f5 11. exf6 Nexf6 12. Rd1 Qe8 13. Be2 b6 14. Nd4 Bc5
15. Bf3 e5 16. Nf5 Rb8 17. O-O Bb7 18. Bxb7 Rxb7 19. Rfe1 Rf7 20. Qa4 Qc8 21.
Bxc5 Nxc5 22. Qc2 Nfe4 23. Nxe4 Qxf5 24. Rd2 Ne6 25. Ng3 Qxc2 26. Rxc2 Nd4 27.
Rd2 Rd7 28. Kf1 b5 29. c5 c6 30. Rxe5 Nf5 31. Rxd7 Nxg3+ 32. fxg3 Rxd7 33. Re6
Rc7 34. Re8+ Kf7 35. Ra8 Ke7 36. Rxa6 Kd7 37. b4 Ke6 38. Ke2 Kd5 39. Kd3 Ke5
40. a4 Rd7+ 41. Kc3 bxa4 42. Rxa4 Rd1 43. Ra7 Rg1 44. Rxg7 Rxg2 45. h4 Rf2 46.
Rxh7 Rf3+ 47. Kc4 Rxg3 48. Rh6 Rg4+ 49. Kb3 Rg3+ 50. Ka4 Kd5 51. Rd6+ Kc4 52.
Rxc6 Rb3 53. Ka5 Ra3+ 54. Kb6 Kxb4 55. Rg6 Kc4 56. c6 Rb3+ 57. Ka7 Ra3+ 58. Kb7
Rb3+ 59. Kc8 Kc5 60. c7 Rc3 61. h5 Rc2 62. h6 Rh2 63. Kb7 Rb2+ 64. Ka7 1-0

[Event "II Open Amatori"]
[Site "Arvier ITA"]
[Date "2012.01.02"]
[Round "1"]
[White "Paonessa, Denis"]
[Black "Gromovs, Sergejs"]
[Result "0-1"]
[WhiteElo "1844"]
[BlackElo "2297"]
[PlyCount "98"]
[EventDate "2012.01.02"]

1. d4 d5 2. c4 c6 3. Nf3 Nf6 4. Nc3 e6 5. Bg5 dxc4 6. e4 b5 7. e5 h6 8. Bh4 g5
9. Nxg5 hxg5 10. Bxg5 Be7 11. exf6 Bxf6 12. Bxf6 Qxf6 13. g3 Bb7 14. Ne4 Qe7
15. Nc5 Na6 16. Nxb7 Qxb7 17. Bg2 O-O-O 18. O-O Nb4 19. Qg4 Qd7 20. Rfd1 f5 21.
Qe2 f4 22. a3 Nd5 23. Rac1 Kb7 24. a4 a6 25. axb5 axb5 26. Ra1 Qh7 27. Qxe6
Qxh2+ 28. Kf1 Qh7 29. Ra6 Qd7 30. Qxd7+ Rxd7 31. Rda1 Kc7 32. gxf4 Kd6 33. Re1
Nb4 34. Ra5 Nd3 35. Re2 Nxf4 36. Re3 Rg7 37. Bf3 Rgh7 38. Kg1 Rh3 39. Ra6 Nd5
40. Bxd5 Rxe3 41. fxe3 Kxd5 42. Ra7 Ke4 43. Re7+ Kd3 44. Kf2 Rh2+ 45. Kf3 Rxb2
46. Rc7 Re2 47. Rxc6 Rxe3+ 48. Kf2 Kxd4 49. Rc8 Re5 0-1

[Event "II Open Amatori"]
[Site "Arvier ITA"]
[Date "2012.01.02"]
[Round "1"]
[White "Scalfi, Agostino"]
[Black "Marguerettaz, Davy"]
[Result "0-1"]
[WhiteElo "1628"]
[BlackElo "2201"]
[PlyCount "22"]
[EventDate "2012.01.02"]

1. e4 c5 2. Nf3 a6 3. d4 cxd4 4. Nxd4 Nf6 5. Nc3 e5 6. Nf3 Bb4 7. Bd3 d5 8. O-O
Bxc3 9. bxc3 dxe4 10. Nxe5 exd3 11. cxd3 O-O 0-1

[Event "II Open Amatori"]
[Site "Arvier ITA"]
[Date "2012.01.02"]
[Round "1"]
[White "Seletsky, Grigory"]
[Black "Pierantoni, Mauro"]
[Result "1-0"]
[WhiteElo "2277"]
[BlackElo "1814"]
[PlyCount "39"]
[EventDate "2012.01.02"]

1. e4 e6 2. d4 d5 3. Nd2 dxe4 4. Nxe4 Nf6 5. Nxf6+ Qxf6 6. Nf3 h6 7. h4 Qd8 8.
Bd3 Be7 9. Qe2 Nd7 10. Bd2 Nf6 11. O-O-O Bd7 12. Ne5 Bd6 13. c4 c5 14. dxc5
Bxc5 15. g4 Ba4 16. b3 Qd4 17. Kc2 Nd5 18. cxd5 Ba3 19. Bc3 Rc8 20. Bb5+ 1-0

[Event "II Open Amatori"]
[Site "Arvier ITA"]
[Date "2012.01.03"]
[Round "2"]
[White "Bruno, Elio"]
[Black "Cattaneo, Roger"]
[Result "0-1"]
[WhiteElo "1627"]
[BlackElo "1811"]
[PlyCount "102"]
[EventDate "2012.01.02"]

1. e4 e5 2. Nf3 Nc6 3. d4 exd4 4. Nxd4 Bc5 5. Nxc6 bxc6 6. Bd3 Ne7 7. Bg5 O-O
8. O-O f6 9. Bh4 Ng6 10. Bg3 d6 11. Kh1 Be6 12. f4 Bf7 13. f5 Ne5 14. Bxe5 fxe5
15. Nd2 a5 16. Qg4 Qf6 17. Rf3 a4 18. c4 Bd4 19. Rb1 Rfb8 20. b3 axb3 21. axb3
Ra3 22. Nf1 Rba8 23. Ng3 Ra1 24. Rff1 Rxb1 25. Rxb1 Qh6 26. f6 Qxf6 27. Rf1 Be6
28. Nf5 Bxf5 29. exf5 Ra2 30. h4 Rd2 31. Qh3 d5 32. g4 h6 33. cxd5 cxd5 34. g5
hxg5 35. hxg5 Rxd3 36. Qxd3 Qxg5 37. Qh3 Qh6 38. Qxh6 gxh6 39. Kg2 c5 40. Rc1
Kf7 41. Kg3 Kf6 42. Rf1 Be3 43. Kg4 Bf4 44. Rd1 d4 45. Rh1 d3 46. Ra1 h5+ 47.
Kxh5 Kxf5 48. Kh4 d2 49. Kh3 Ke4 50. Kg2 Ke3 51. Kf1 Kd3 0-1

[Event "II Open Amatori"]
[Site "Arvier ITA"]
[Date "2012.01.03"]
[Round "2"]
[White "Gromovs, Sergejs"]
[Black "Lacrosse, Marc"]
[Result "1-0"]
[WhiteElo "2297"]
[BlackElo "2185"]
[PlyCount "107"]
[EventDate "2012.01.02"]

1. d4 d5 2. Nf3 Nf6 3. c4 e6 4. Nc3 c6 5. Bg5 Nbd7 6. a3 Be7 7. e3 h6 8. Bf4
O-O 9. h3 Re8 10. Qc2 b6 11. cxd5 exd5 12. Bd3 Bb7 13. O-O a6 14. b4 b5 15. Ne2
Nb6 16. Ng3 a5 17. Rab1 axb4 18. axb4 Nc4 19. Bxc4 bxc4 20. Nf5 Bf8 21. Ne5 Nd7
22. e4 f6 23. Nxd7 Qxd7 24. e5 Bc8 25. g4 Ra3 26. exf6 gxf6 27. Kh2 Rf3 28. Bg3
Qh7 29. Qa4 Rxf5 30. gxf5 Qxf5 31. Qxc6 Bd7 32. Qb7 Bc8 33. Qa8 Bd7 34. Qa5 Kh8
35. Kg1 Qf3 36. Kh2 Qf5 37. Rfe1 Re4 38. Rxe4 Qxh3+ 39. Kg1 dxe4 40. Qa8 Kg7
41. Qxe4 Bf5 42. Qb7+ Kg6 43. Rc1 Qg4 44. Qb8 Bg7 45. Qf4 Qe2 46. d5 h5 47.
Qxc4 Bd3 48. Qc3 Bh6 49. Re1 Qf3 50. Re3 Qd1+ 51. Re1 Qf3 52. d6 h4 53. Bxh4
Bg5 54. Bg3 1-0

[Event "II Open Amatori"]
[Site "Arvier ITA"]
[Date "2012.01.03"]
[Round "2"]
[White "Lyabel, Giacomo"]
[Black "Doromeychuk, Anton"]
[Result "0-1"]
[WhiteElo "1440"]
[BlackElo "1708"]
[PlyCount "68"]
[EventDate "2012.01.02"]

1. e4 d6 2. d4 Nf6 3. Nc3 g6 4. Nf3 Bg4 5. h3 Bd7 6. Bc4 Bg7 7. O-O O-O 8. Ng5
h6 9. Nxf7 Rxf7 10. Bxf7+ Kxf7 11. e5 dxe5 12. dxe5 Nh7 13. Re1 Ke8 14. e6 Bc6
15. Qxd8+ Kxd8 16. Bf4 Na6 17. Rad1+ Ke8 18. Rd2 g5 19. Bg3 Rd8 20. Rxd8+ Kxd8
21. Rd1+ Kc8 22. h4 Nc5 23. Nd5 Bxd5 24. Rxd5 Nxe6 25. Be5 c6 26. Ra5 b6 27.
Rxa7 Bxe5 28. Rxe7 Nhf8 29. hxg5 hxg5 30. b4 Bd6 31. Re8+ Kd7 32. Ra8 Bxb4 33.
a3 Bc5 34. a4 Nc7 0-1

[Event "II Open Amatori"]
[Site "Arvier ITA"]
[Date "2012.01.03"]
[Round "2"]
[White "Marguerettaz, Davy"]
[Black "Seletsky, Grigory"]
[Result "0-1"]
[WhiteElo "2201"]
[BlackElo "2277"]
[PlyCount "60"]
[EventDate "2012.01.02"]

1. d4 c5 2. d5 e5 3. dxe6 fxe6 4. e4 Nc6 5. Nc3 Nf6 6. Bf4 d6 7. Nf3 e5 8. Bg5
Be6 9. Nd5 Bxd5 10. exd5 Nb8 11. Bb5+ Nbd7 12. Bxd7+ Qxd7 13. Bxf6 gxf6 14. Nh4
O-O-O 15. Qf3 Rg8 16. Nf5 e4 17. Qf4 Rxg2 18. O-O-O Rg5 19. Ng3 Rg4 20. Qxf6
Bg7 21. Qe6 Re8 22. Qxd7+ Kxd7 23. Rde1 Re5 24. c4 e3 25. fxe3 Rxc4+ 26. Kb1
Rxd5 27. Rd1 Rxd1+ 28. Rxd1 Be5 29. e4 Bxg3 30. hxg3 Rxe4 0-1

[Event "II Open Amatori"]
[Site "Arvier ITA"]
[Date "2012.01.03"]
[Round "2"]
[White "Neubauer, Kai"]
[Black "Barletta, Mauro"]
[Result "0-1"]
[WhiteElo "2039"]
[BlackElo "2237"]
[PlyCount "58"]
[EventDate "2012.01.02"]

1. d4 d5 2. c4 Nc6 3. Nf3 Bg4 4. Nc3 e6 5. cxd5 exd5 6. Bf4 Bxf3 7. gxf3 Bd6 8.
Bg3 Nge7 9. e3 a6 10. Bd3 Qd7 11. a3 h5 12. h4 Bxg3 13. fxg3 Nf5 14. Kf2 Nce7
15. Qb3 O-O 16. Qc2 c5 17. Ne2 Rac8 18. dxc5 d4 19. e4 Ne3 20. Qb3 Rxc5 21. Qb4
Rc2 22. Rac1 Nc6 23. Qb3 Rxc1 24. Nxc1 Ne5 25. Bb1 Rc8 26. Nd3 Nxf3 27. Kxf3
Qg4+ 28. Kf2 Qxe4 29. Ne5 Qg2+ 0-1

[Event "II Open Amatori"]
[Site "Arvier ITA"]
[Date "2012.01.03"]
[Round "2"]
[White "Piazza, Giacomo"]
[Black "Bogatto, Mario"]
[Result "0-1"]
[WhiteElo "1638"]
[BlackElo "1423"]
[PlyCount "116"]
[EventDate "2012.01.02"]

1. Nf3 c5 2. b3 d6 3. Bb2 Nd7 4. e3 Ngf6 5. Be2 a6 6. O-O Qc7 7. d3 e6 8. e4 b5
9. c4 Bb7 10. Nbd2 Be7 11. h3 b4 12. Qc2 e5 13. Nh2 h6 14. Ng4 Nf8 15. Ne3 Bc8
16. Nf5 Bxf5 17. exf5 N8h7 18. Bf3 Rb8 19. a3 a5 20. axb4 cxb4 21. Rfe1 Nd7 22.
d4 Bf6 23. Ne4 O-O 24. Nxf6+ Nhxf6 25. Rad1 Rfe8 26. g4 d5 27. dxe5 Nxe5 28.
Bg2 dxc4 29. g5 hxg5 30. bxc4 Qxc4 31. Qb1 Qc5 32. Bd4 Qc7 33. Qa1 Ned7 34. Be3
Ne4 35. Bd4 Nc3 36. Rxe8+ Rxe8 37. Bxc3 bxc3 38. Rc1 Rc8 39. Qa3 Ne5 40. Qa4 c2
41. Be4 Qc4 42. Qxc4 Rxc4 43. f3 Nc6 44. Rxc2 Rxc2 45. Bxc2 Nd4 46. Be4 a4 47.
Kf2 Nb5 48. Bd5 a3 49. Ba2 Nc3 50. Bb3 a2 51. Bxa2 Nxa2 52. Kg3 f6 53. f4 gxf4+
54. Kxf4 Nc3 55. h4 Nd5+ 56. Kf3 Kh7 57. Kg4 Kh6 58. h5 Ne7 0-1

[Event "II Open Amatori"]
[Site "Arvier ITA"]
[Date "2012.01.03"]
[Round "2"]
[White "Pierantoni, Mauro"]
[Black "Bonino, Silvano"]
[Result "1/2-1/2"]
[WhiteElo "1814"]
[BlackElo "1492"]
[PlyCount "118"]
[EventDate "2012.01.02"]

1. d4 d5 2. c4 c6 3. Nf3 e6 4. Nc3 Nf6 5. Bg5 Be7 6. Rc1 dxc4 7. e4 h6 8. Bxf6
Bxf6 9. e5 Be7 10. Bxc4 Nd7 11. O-O Nb6 12. Bb3 O-O 13. a3 Bd7 14. Ne4 Nd5 15.
Ba2 Rc8 16. Nfd2 b5 17. Nb3 f5 18. Nec5 Bxc5 19. Nxc5 Rc7 20. Bxd5 cxd5 21. Rc3
Qe7 22. Qh5 Rfc8 23. Rg3 Kh8 24. b4 Be8 25. Qh3 Qf7 26. f4 Re7 27. Qh4 Rcc7 28.
Rff3 Qh5 29. Qxh5 Bxh5 30. Rc3 Bf7 31. Na6 Rc4 32. Rxc4 dxc4 33. Nc5 Be8 34.
Rc3 Bc6 35. h3 Bd5 36. g4 g6 37. Kf2 h5 38. gxh5 gxh5 39. Rg3 Rg7 40. Rxg7 Kxg7
41. a4 bxa4 42. Nxa4 h4 43. b5 Kf7 44. b6 axb6 45. Nxb6 Bc6 46. Nxc4 Ke7 47.
Ne3 Kd7 48. Ke2 Be4 49. Kd2 Kc6 50. Kc3 Kb5 51. d5 Bxd5 52. Nxd5 exd5 53. Kd4
Kc6 54. Kc3 Kc5 55. Kd3 d4 56. e6 Kd6 57. e7 Kxe7 58. Kxd4 Kd6 59. Kc4 Kc6
1/2-1/2

[Event "II Open Amatori"]
[Site "Arvier ITA"]
[Date "2012.01.03"]
[Round "2"]
[White "Ranieri, Fabrizio"]
[Black "Bossi, Alessandro"]
[Result "1-0"]
[WhiteElo "2276"]
[BlackElo "2004"]
[PlyCount "69"]
[EventDate "2012.01.02"]

1. e4 e5 2. Nf3 Nc6 3. Bc4 Nf6 4. d3 Be7 5. O-O d6 6. h3 O-O 7. c3 Na5 8. Bb5
a6 9. Ba4 b5 10. Bc2 c5 11. Be3 Qc7 12. Nbd2 d5 13. d4 exd4 14. cxd4 dxe4 15.
Nxe4 Bb7 16. Nxc5 Bxc5 17. dxc5 Rad8 18. Qc1 Nc4 19. Bf4 Qc8 20. b3 Bxf3 21.
gxf3 Na5 22. Kg2 Nc6 23. Bd6 Rfe8 24. Qf4 Re2 25. Bd3 Nd5 26. Qh4 Ne3+ 27. Kh1
Nf5 28. Qg4 Nxd6 29. Bxe2 Nf5 30. Rfd1 g6 31. Bd3 Ne5 32. Bxf5 Nxg4 33. Bxc8
Nxf2+ 34. Kg1 Nxd1 35. Bxa6 1-0

[Event "II Open Amatori"]
[Site "Arvier ITA"]
[Date "2012.01.02"]
[Round "2"]
[White "Ricci, Piero"]
[Black "Scalfi, Agostino"]
[Result "0-1"]
[WhiteElo "1440"]
[BlackElo "1628"]
[PlyCount "100"]
[EventDate "2012.01.02"]

1. d4 Nf6 2. c4 g6 3. Nc3 Bg7 4. e3 d5 5. Nf3 Bf5 6. Qb3 b6 7. Nxd5 Nxd5 8.
cxd5 O-O 9. Bc4 a6 10. a4 Be4 11. Bd2 Nd7 12. Bd3 Nf6 13. Bxe4 Nxe4 14. O-O Nf6
15. a5 b5 16. Rac1 Nxd5 17. Rc5 e6 18. Rfc1 Ra7 19. Bb4 Qd7 20. Ba3 Rc8 21. Rd1
c6 22. Ne5 Qe8 23. Bb4 Bf8 24. e4 Nxb4 25. Qxb4 Rac7 26. Rdc1 Bd6 27. Qd2 Bxc5
28. Rxc5 Qe7 29. b4 f6 30. Nf3 Rd7 31. Qc3 Rdc7 32. e5 f5 33. h3 h6 34. Qc1 Qg7
35. g3 g5 36. Nh2 Qd7 37. Qe3 Rf8 38. f4 Rd8 39. Nf3 g4 40. hxg4 fxg4 41. d5
gxf3 42. d6 Rcc8 43. Qxf3 Rf8 44. Kg2 Rf7 45. g4 Rcf8 46. Kg3 Rxf4 47. Qxc6 Qg7
48. Rc3 Qxg4+ 49. Kh2 Rf2+ 50. Kh1 Rf1+ 0-1

[Event "II Open Amatori"]
[Site "Arvier ITA"]
[Date "2012.01.03"]
[Round "2"]
[White "Serrajotto, Marino"]
[Black "Paonessa, Denis"]
[Result "1/2-1/2"]
[WhiteElo "1854"]
[BlackElo "1844"]
[PlyCount "76"]
[EventDate "2012.01.02"]

1. e4 e5 2. Nf3 Nc6 3. Bb5 a6 4. Bxc6 dxc6 5. Nc3 Bd6 6. d4 Qe7 7. dxe5 Bxe5 8.
Nxe5 Qxe5 9. Qe2 Nf6 10. f4 Qe7 11. h3 Bd7 12. Bd2 O-O-O 13. O-O-O h5 14. Qe3
Kb8 15. Be1 h4 16. Bf2 b6 17. Rd2 Bc8 18. Rhd1 Rxd2 19. Rxd2 Nd7 20. Qd4 f6 21.
Qc4 c5 22. Nd5 Qe6 23. Qd3 g5 24. fxg5 fxg5 25. c4 Ne5 26. Qe2 Rf8 27. Be3 Nf7
28. Bg1 Ne5 29. Bh2 Kb7 30. b3 c6 31. Ne3 Qf6 32. Nf5 Bxf5 33. exf5 Re8 34. Qe4
Nd3+ 35. Qxd3 Qa1+ 36. Kc2 Qxa2+ 37. Kc3 Qa1+ 38. Kc2 Qa2+ 1/2-1/2

[Event "II Open Amatori"]
[Site "Arvier ITA"]
[Date "2012.01.03"]
[Round "2"]
[White "Yeuillaz, Corrado"]
[Black "Belabbas, Abdellah"]
[Result "1-0"]
[WhiteElo "2221"]
[BlackElo "1881"]
[PlyCount "109"]
[EventDate "2012.01.02"]

1. e4 e6 2. Qe2 c5 3. g3 Nc6 4. c3 Qc7 5. Bg2 Be7 6. Nf3 d6 7. O-O Ne5 8. Ne1
Nf6 9. Na3 a6 10. d4 cxd4 11. cxd4 Nc6 12. Be3 d5 13. e5 Nd7 14. Nac2 O-O 15.
Nd3 Re8 16. Rac1 Qd8 17. f4 f5 18. exf6 Nxf6 19. Kh1 Bd6 20. Ne5 Ne7 21. g4 g6
22. Bf2 Kg7 23. Bh4 Neg8 24. Ne3 Bd7 25. Nxd7 Qxd7 26. Qd3 Rac8 27. Rxc8 Qxc8
28. f5 exf5 29. gxf5 Qc6 30. fxg6 hxg6 31. Qb3 Ne4 32. Qxd5 Qxd5 33. Nxd5 g5
34. Be1 Ngf6 35. Nxf6 Nxf6 36. Bc3 Rh8 37. Bxb7 Bxh2 38. Kg2 Bf4 39. Rh1 Re8
40. Bxa6 Re3 41. Rh3 Re7 42. d5 Be5 43. Re3 Ng4 44. Re4 Bxc3 45. Rxe7+ Kf8 46.
Re2 Be5 47. Bb5 Bc7 48. a4 Nf6 49. Bc6 Nh5 50. Kf3 Nf6 51. a5 Bd6 52. Re6 g4+
53. Kg2 Be7 54. Rxe7 Kxe7 55. a6 1-0

[Event "II Open Amatori"]
[Site "Arvier ITA"]
[Date "2012.01.04"]
[Round "3"]
[White "Barletta, Mauro"]
[Black "Gromovs, Sergejs"]
[Result "0-1"]
[WhiteElo "2237"]
[BlackElo "2297"]
[PlyCount "140"]
[EventDate "2012.01.02"]

1. Nf3 d6 2. d4 Bg4 3. Nbd2 e6 4. e4 Nf6 5. Be2 Be7 6. O-O d5 7. exd5 exd5 8.
Ne5 Bxe2 9. Qxe2 O-O 10. Ndf3 Ne4 11. Qb5 b6 12. Nc6 Nxc6 13. Qxc6 Qd6 14. Qxd6
Bxd6 15. Re1 Rfe8 16. Be3 f5 17. Rad1 f4 18. Bc1 g5 19. Nd2 Kg7 20. f3 Nf6 21.
Kf2 c5 22. Nb3 c4 23. Nd2 b5 24. Rxe8 Rxe8 25. Re1 Rc8 26. c3 b4 27. Re6 Rd8
28. Ke1 Kf7 29. Re2 Rb8 30. Kd1 a5 31. Kc2 h6 32. Nf1 Nh5 33. Bd2 Ng7 34. g4
Ne6 35. Be1 a4 36. Bd2 Bc7 37. Bc1 a3 38. h3 Ba5 39. Re5 axb2 40. Bxb2 bxc3 41.
Bxc3 Bxc3 42. Kxc3 Nc7 43. Kc2 Ra8 44. Kb2 c3+ 45. Kxc3 Rxa2 46. Kd3 Rf2 47.
Nd2 Rh2 48. Nf1 Rxh3 49. Ke2 Nb5 50. Kf2 Nxd4 51. Rxd5 Rxf3+ 52. Kg2 Rd3 53.
Rd7+ Ke6 54. Rh7 Ra3 55. Rxh6+ Ke5 56. Nh2 Ra2+ 57. Kh3 Rf2 58. Rg6 Ne2 59.
Rxg5+ Kf6 60. Rf5+ Kg6 61. Nf3 Rxf3+ 62. Kg2 Nd4 63. Rd5 Rd3 64. Kf2 Rd2+ 65.
Kf1 Nf3 66. Rf5 Rd4 67. Rh5 Ng5 68. Kf2 Rd2+ 69. Kf1 Ne4 70. Re5 Nf6 0-1

[Event "II Open Amatori"]
[Site "Arvier ITA"]
[Date "2012.01.04"]
[Round "3"]
[White "Belabbas, Abdellah"]
[Black "Bogatto, Mario"]
[Result "1-0"]
[WhiteElo "1881"]
[BlackElo "1423"]
[PlyCount "69"]
[EventDate "2012.01.02"]

1. d4 d5 2. e4 dxe4 3. Nc3 Nd7 4. Bc4 c6 5. Nxe4 Ngf6 6. f3 Nxe4 7. fxe4 e6 8.
Nf3 Be7 9. O-O b5 10. Bb3 Bb7 11. Qe2 a5 12. c3 a4 13. Bc2 Ba6 14. Be3 Nb6 15.
Ne5 Bf6 16. Nxf7 Qe7 17. e5 Qxf7 18. exf6 b4 19. Qf3 Qc7 20. fxg7 Qxg7 21.
Qxc6+ Qd7 22. Qxb6 Bxf1 23. Rxf1 bxc3 24. Be4 Rc8 25. bxc3 Rg8 26. Qb4 Rc7 27.
Bh6 Qe7 28. Qb8+ Qd8 29. Qxd8+ Kxd8 30. Bd2 Rcg7 31. c4 Rg4 32. Ba5+ Kc8 33.
Re1 Kd7 34. d5 exd5 35. Bf5+ 1-0

[Event "II Open Amatori"]
[Site "Arvier ITA"]
[Date "2012.01.04"]
[Round "3"]
[White "Bonino, Silvano"]
[Black "Piazza, Giacomo"]
[Result "1/2-1/2"]
[WhiteElo "1492"]
[BlackElo "1638"]
[PlyCount "59"]
[EventDate "2012.01.02"]

1. d4 Nf6 2. Bf4 e6 3. e3 c5 4. c3 Be7 5. Bd3 cxd4 6. cxd4 Bb4+ 7. Nc3 Qa5 8.
Qb3 O-O 9. Nge2 Nd5 10. Bg3 Qd8 11. a3 Nxc3 12. Nxc3 Be7 13. O-O a6 14. Rac1 d6
15. Rc2 Nd7 16. Ne4 d5 17. Nd6 Bxd6 18. Bxd6 Re8 19. Rfc1 Nf6 20. Bc7 Qe7 21.
Qb6 Nd7 22. Qd6 Qg5 23. Qg3 Qh6 24. Bf4 Qh5 25. Be2 Qg6 26. Qh3 Nf6 27. Rc3 e5
28. Rxc8 exf4 29. Rxe8+ Nxe8 30. Rc8 1/2-1/2

[Event "II Open Amatori"]
[Site "Arvier ITA"]
[Date "2012.01.04"]
[Round "3"]
[White "Bossi, Alessandro"]
[Black "Scalfi, Agostino"]
[Result "1-0"]
[WhiteElo "2004"]
[BlackElo "1628"]
[PlyCount "91"]
[EventDate "2012.01.02"]

1. e4 e5 2. Nf3 Nc6 3. Bb5 a6 4. Ba4 Nf6 5. Qe2 d6 6. c3 Bg4 7. h3 Bh5 8. d3
Be7 9. Nbd2 O-O 10. g4 Bg6 11. Nf1 d5 12. Ng3 dxe4 13. dxe4 b5 14. Bc2 Nd7 15.
h4 h6 16. h5 Bh7 17. Nf5 Bxf5 18. gxf5 Bf6 19. Rg1 Kh8 20. Nh2 Qe7 21. Be3 b4
22. Rd1 Nb6 23. Ng4 bxc3 24. bxc3 Bg5 25. f4 exf4 26. f6 Bxf6 27. Nxf6 fxe3 28.
Nd5 Qh4+ 29. Kf1 Qh3+ 30. Ke1 Nxd5 31. Rxd5 Rad8 32. Qg4 Qxg4 33. Rxg4 Rxd5 34.
exd5 Ne5 35. Re4 f6 36. Ra4 Ra8 37. Be4 Rf8 38. Rxa6 f5 39. Re6 Nf7 40. Bxf5
Ng5 41. Bg6 Rd8 42. Re8+ Rxe8 43. Bxe8 Ne4 44. c4 Nc3 45. a4 Kg8 46. a5 1-0